| 000 | 01438nam0a22003011 4500 | ||
|---|---|---|---|
| 001 | rc\78151 | ||
| 005 | 20260406153143.0 | ||
| 010 |
_a5-7406-0120-7 _95000 |
||
| 035 | _a(NLR Aleph) 005348662 | ||
| 090 |
_a6772569 _c6772569 |
||
| 100 | _a20021216d1995 u y0rusy50 ca | ||
| 101 | 0 | _arus | |
| 102 | _aRU | ||
| 105 | _aa z 000ay | ||
| 200 | 1 |
_aВойна Петрушки и Степки Растрепки _e[для дошкольного возраста] _fЕ. Шварц _g[худож.: Александр Бихтер] |
|
| 210 |
_aКалининград _cЯнтарный сказ _d1995, (cop. 1996) |
||
| 215 |
_a24 с. _cцв. ил. _d26 |
||
| 317 |
_aИмеется также в Гос. лит. музее "XX век" в мемориальной б-ке Е.Л. Шварца © СПбГБУК «Государственный литературный музей «XX век» _5ГЛМ "XX век" |
||
| 700 | 1 |
_7ca _8rus _aШварц _bЕ. Л. _cписатель, драматург _f1896-1958 _gЕвгений Львович _9116207 _3RU\NLR\AUTH\776253 |
|
| 702 | 1 |
_4040 _aБихтер _bА. А. _f1951- _gАлександр Алексеевич _978750 _3RU\NLR\AUTH\7795824 |
|
| 801 | 0 |
_aRU _bNLR _gpsbo |
|
| 801 | 1 |
_aRU _bELAR _2rusmarc |
|
| 852 |
_aNLR _j96-7/1735 |
||
| 899 |
_aГЛМ "XX век" _y(Шварц) |
||
| 942 | _cBOOK | ||
| 980 | _aNB | ||
| 981 | 4 | 6 | _a(46) Личная библиотека Е. Шварца |